Macleod's clinical diagnosis / (رقم التسجيلة. 30113)

تفاصيل مارك
000 -الفاتح
حقل البيانات ثابتة الطول 00883nam a22002537a 4500
003 - محدد رقم الضبط
رقم الضبط OSt
005 - وقت وتاريخ اخر تعامل مع التسجيلة
رقم الضبط 20150408114134.0
008 - عناصر البيانات ثابتة الطول - معلومات عامة
حقل البيانات ثابتة الطول 120503s2013 stka g b 001 0 eng
020 ## - الرقم الدولى المعيارى للكتب
الرقم الدولى المعيارى للكتاب 9780702035432
020 ## - الرقم الدولى المعيارى للكتب
الرقم الدولى المعيارى للكتاب 9780702035449 (International)
040 ## - مصدر الفهرسة
وكالة الفهرسة الأصلية Ma-Un
082 00 - رقم تصنيف ديوى العشرى
رقم الطبعة 22
رقم التصنيف 616.075
رقم المادة MAC
245 00 - بيان العنوان
العنوان Macleod's clinical diagnosis /
بيان المسئوليه,etc edited by Alan G. Japp, Colin Robertson ; associate editor, Iain Hennessey.
246 1# - العنوان الموازى
عنوان صحيح/عنوان مختصر Clinical diagnosis
260 ## - PUBLICATION, DISTRIBUTION, ETC. (IMPRINT)
مكان الناشر او الموزع Edinburgh :
اسم الناشر او الموزع Churchill Livingstone/Elsevier,
تاريخ النشر أو التوزيع 2013.
300 ## - الوصف المادى
التعداد xi, 227 p. :
تفاصيل ماديه اخرى للوعاء ill. ;
أبعاد الوعاء 24 cm.
504 ## - تبصرة ببليوجرافية
تبصرة ببليوجرافية,الخ Includes bibliographical references and index.
650 ## - المدخل الاضافى بالموضوع-مصطلح موضوعى
مصطلح موضوعي أو اسم جغرافي كعنصر مدخل Diagnostic Techniques and Procedures.
9 (RLIN) 16137
700 1# - المدخل الاضافى - اسم شخصى
الإسم الشخصى Japp, Alan.
9 (RLIN) 36063
700 1# - المدخل الاضافى - اسم شخصى
الإسم الشخصى Robertson, Colin
الشكل الأكمل للاسم (Colin Ernest)
9 (RLIN) 17509
700 1# - المدخل الاضافى - اسم شخصى
الإسم الشخصى Hennessey, Iain.
9 (RLIN) 36064
700 1# - المدخل الاضافى - اسم شخصى
الإسم الشخصى Macleod, John,
التواريخ المصاحبة للاسم 1915-
9 (RLIN) 17506
942 ## - عناصر المدخل الإضافي( كوها)
مصدر التصنيف او مخطط الترفيف Dewey Decimal Classification
Koha [default] item type كتاب
المقتنيات
حالة الفقد نموذج السعر الفعال حالة تلف ليس للاعارة رقم الطلب رقم النسخة تاريخ الاكتساب الموقع الحالي الباركود الفرع الرئيسي Date last seen نوع المادة فى نظام كوها مصدر التصنيف او خطة الترفيف Total Checkouts Date last checked out مصدر التزويد
  2013-06-19   Not For Loan 616.075 MCM 1 2013-06-19 المكتبة المركزية بالمجمعة (CL) 00306830 المكتبة المركزية بالمجمعة (CL) 2013-06-19 كتاب Dewey Decimal Classification      
  2013-06-23     616.075 MCM 2 2013-06-23 المكتبة المركزية بالمجمعة (CL) 00306831 المكتبة المركزية بالمجمعة (CL) 2017-10-16 كتاب Dewey Decimal Classification 1 2016-01-20  
  2013-06-23     616.075 MCM 3 2013-06-23 المكتبة المركزية بالمجمعة (CL) 00306832 المكتبة المركزية بالمجمعة (CL) 2019-04-04 كتاب Dewey Decimal Classification 3 2017-02-05  
  2014-05-11   Not For Loan 616.075 MAC 1 2014-05-11 مكتبة كلية العلوم الطبية التطبيقية بالمجمعة - طالبات (AMF) 00210196 مكتبة كلية العلوم الطبية التطبيقية بالمجمعة - طالبات (AMF) 2014-05-11 كتاب Dewey Decimal Classification     دار العرب
  2014-05-11   Not For Loan 616.075 MAC 1 2014-05-11 مكتبة مجمع الكليات بالزلفى - طلاب (SZM) 00210194 مكتبة مجمع الكليات بالزلفى - طلاب (SZM) 2014-05-11 كتاب Dewey Decimal Classification     دار العرب
  2014-05-11     616.075 MAC 2 2014-05-11 مكتبة مجمع الكليات بالزلفى - طلاب (SZM) 00210195 مكتبة مجمع الكليات بالزلفى - طلاب (SZM) 2014-05-11 كتاب Dewey Decimal Classification     دار العرب